000 01178nam a2200229Ia 4500
001 L933-43214
003 IT-CnALBA
008 170116s9999||||xx |||||||||||||| ||und||
040 _aIT-CnALBA
_cIT-CnALBA
041 _aITALIANO
100 _aGNATA LAURA
245 0 _aPASSO DOPO PASSO. LAURA RACCONTA.
250 _a1a ed.
260 _a UDINE
_bSEGNO, EDIZIONI
_c1997 [1° Ed.:1997 - Ed.Ling.Originale: 1997]
300 _a174 p.
500 _aCAMMNO VERSO LA FEDE. RAGGIUNGIMENTO SOMMITA' SCALA FATICOSA ATTRAVERSO LA DISPONIBILITÀ PER GLI ALTRI E LA SPERANZA NEL SIGNORE. SUPERAMENTO CRISI NELLA PACE E NELLA GIOIA. INFANZIA EDUCAZIONE COLLEGIO DIPLOMA MUSICALE. GUERRA CHIAMATA ESPERIENZA DI INSE
501 _aSocietà San Paolo EM - Piazza San Paolo, 14 - 12051 ALBA (CN) (non commercial uses only) ® Copyright 2017
520 _aCAMMNO VERSO LA FEDE. RAGGIUNGIMENTO SOMMITA' SCALA FATICOSA ATTRAVERSO LA DISPONIBILITÀ PER GLI ALTRI E LA SPERANZA NEL SIGNORE. SUPERAMENTO CRISI NELLA PACE E NELLA GIOIA. INFANZIA EDUCAZIONE COLLEGIO DIPLOMA MUSICALE. GUERRA CHIAMATA ESPERIENZA DI INSE
650 _aNAZIONI ESTERE
942 _cBK
957 _71
999 _a48607
_bNO
_g Copie: 1
_c302181
_d302181